Đang tải...

The bhavishya purana /

Chi tiết về thư mục
Tác giả khác: Debroy, Dipavali, Debroy, Bibek
Định dạng: Printed Book
Ngôn ngữ:English
Được phát hành: Delhi: Books for all, c1991.
Loạt:Great epics of india:Purana 9
Những chủ đề:
LEADER 00628 a2200193 4500
008 150103s9999 000 0 eng
020 |a 817386036X 
082 |a 294.5925  
245 |a The bhavishya purana / 
260 |a Delhi:  |b Books for all,  |c c1991. 
300 |a 84 p. 
440 |a Great epics of india:Purana 9 
650 |a Puranas. 
653 |a Hinduism-Religion 
700 |a Debroy, Dipavali.  
700 |a  Debroy, Bibek. 
942 |c BK 
999 |c 303398  |d 303398 
952 |0 0  |1 0  |2 ddc  |4 0  |6 294_592500000000000_DEB_BH  |7 0  |8 MUSIC  |9 347013  |a DRA  |b DRA  |c ST1  |d 2011-02-18  |i 277M  |l 0  |o 294.5925 DEB/BH  |p DRA277M  |r 2019-01-03  |w 2019-01-03  |y BK